000 00875nam a2200253Ia 4500
003 OSt
005 20220923215127.0
006 a|||||r|||| 00| 0
007 ta
008 220922b |||||||| |||| 00| 0 hin d
024 _a175,837
037 _cTextual
040 _aARTS
_cARTS
_bhin
041 _2hin
_ahin
082 _aO152,1:g(Q2:22), M0
100 _aराम स्वार्थ सिंह
245 0 _aनर्इ्र कविता और पौरणिक गाथा
246 _aNarir kavitā aur pauraṇik gāthā
260 _aनई दिल्ली
_b कलासिकल पब्लि
_c1980
300 _a336 पृ.
_ccm.
650 _aहिन्दी साहित्य
_9156264
942 _hO152,1:g(Q2:22), M0
_cTEXL
_2CC
999 _c329516
_d329516